000
00304nam a2200109Ia 4500
008
220204s9999 xx 000 0 und d
082
_a
030=214.21=111
_b
NAR
100
_a
Narayan Datt Paliwal
245
0
_a
Rajbaksha Hindi-English dictionary
260
_a
New Delhi
_b
Takshasila Prakasan
_c
1991
942
_c
BK
999
_c
43917
_d
43917